00390nam a2200145Ia 4500008004100000020001500041041001200056082002000068100006400088245002600152250001200178260003300190300001100223650001000234231217s9999 xx 000 0 und d a8178812096 aEnglish a332.6 SEE;1 R aSeethapathi, K ed. Suryanarayana, A ed. Subbulakshmi, V ed. 0aPortfolio structuring a1st ed. c2002bICFAI PressaHyderabad ax, 204 aICFAI